000 00856nam a2200217Ii 4500
003 JO-AjNU
008 230605s9999||||xx |||||||||||||| ||und||
017 _a2004/9/2539
040 _aJO-AjNU
_bara
_erda
_cJO-AjNU
041 _aara
050 1 4 _aPJ7846.A83.U72 2007
100 3 _aتأليف المشيني،سليمان إبراهيم,
_eauthor
_913290
245 0 0 _aصبا من الأردن: الأردن جلال وجمال (( المختار من قصائد الشاعر الحديثة وبعض القصائد القديمة ))، ج8
250 _aط1
264 3 1 _aعمان:المؤلف،2007
300 _aج8، 148ص
336 _atext
_btxt
_2rdacontent
337 _aunmediated
_bn
_2rdamedia
338 _avolume
_bnc
_2rdacarrier
650 4 _a الشعر العربي - الأردن - تاريخ ونقد - القرن العشرين
_913291
999 _aA3271
_c6839
_d6839